| 000 | 00533nam a2200193Ia 4500 | ||
|---|---|---|---|
| 003 | OSt | ||
| 005 | 20201110120047.0 | ||
| 008 | 190216s9999||||xx |||||||||||||| ||und|| | ||
| 020 | _a9788175960466 | ||
| 040 | _coclc | ||
| 082 |
_a428.24 _bJON/C |
||
| 100 |
_aJones, Leo _96384 |
||
| 245 | 0 |
_aCambridge Advanced English / _cLeo Jones |
|
| 250 | _a7th Ed. | ||
| 260 |
_bCambridge University Press, _c2005. _aLondon: |
||
| 300 | _a252p | ||
| 650 | _aEnglish | ||
| 942 |
_cBK _2ddc _h428.24 _iJON/C _k428.24 _mJON/C |
||
| 999 |
_c15093 _d15093 |
||